000 00317nam a22001337a 4500
020 _a0-471-52317-8
082 _a658.155 GRA'P
100 _aGRANT, E.L, IRESON, W. G
_967553
245 _aPRINCIPLES OF ENGINEERING ECONOMY
250 _a8TH
260 _aNEWYORK
_bJOHN WILEY
_c1990
300 _a591P
942 _cBK
999 _c575302
_d575302